Internet - Les 12 sites les plus populaires dans le monde - Statistiques

Statistiques générales
  • Ce quiz a été pris 435 fois
  • Le résultat moyen est 7 sur 12
Statistiques - réponses
Indice Site % Correct
1 Moteur de recherche Google
100%
2 Vidéos Youtube
99%
3 Réseau social Facebook
96%
5 Réseau social Instagram
89%
7 Encyclopédie Wikipedia
87%
4 Réseau social Twitter
85%
12 Commerce Amazon
58%
9 Actualités Yahoo
16%
11 Réseau social Whatsapp
15%
10 Adultes Xvideos
15%
6 Moteur de recherche Baidu
3%
8 Moteur de recherche Yandex
1%
Aucun quiz correspondant
Distribution des résultats
% des personnes avec chaque résultat
Percentile par nombre de réponses
Votre historique - résultats
Vous n’avez pas pris ce quiz